Culture Générale - Série 900 - Statistiques

Statistiques générales
  • Ce quiz a été pris 285 fois
  • Le résultat moyen est 7 sur 10
Statistiques - réponses
Question Réponse % Correct
Comment appelle-t-on le mâle de la chèvre ? bouc
96%
Complétez ce proverbe : "Quand on parle du loup, on en voit la... queue
96%
Quelle ville abrite le bâtiment Berlaymont, siège de la Commission européenne ? Bruxelles
73%
Quel chanteur français était surnommé le "Fou chantant" ? Charles Trenet
69%
Comment appelle-t-on le point de la surface terrestre où un séisme a été le plus intense ? épicentre
64%
Dans quel film de 1995, Brad Pitt enquête-t-il sur des meurtres s'inspirant des sept péchés capitaux ? Seven
63%
Quelle actrice a été "Une femme d'honneur" sur TF1 entre 1996 et 2007 ? Corinne Touzet
53%
En 1938, qui interprète "Le Schpountz", sous la direction de Marcel Pagnol ? Fernandel
51%
Quel autre nom porte les globules blancs du sang ? leucocytes
50%
Quel autre nom porte les globules rouges du sang ? hématies
45%
Aucun quiz correspondant
Distribution des résultats
% des personnes avec chaque résultat
Percentile par nombre de réponses
Votre historique - résultats
Vous n’avez pas pris ce quiz